[Event "Dos Hermanas Qualifier (18-B)"]
[Site "masterchessopen.com Internet"]
[Date "2003.03.19"]
[Round "9"]
[White "Ziatdinov Raset (USA)"]
[Black "Jaracz Pawel (POL)"]
[Result "1-0"]
[WhiteElo "2464"]
[BlackElo "2531"]

1.e4 e5 2.Nf3 Nc6 3.Bb5 a6 4.Ba4 Nf6 5.O-O Be7 6.Re1 b5 7.Bb3 d6 8.c3 O-O 9.h3
Nb8 10.d4 Nbd7 11.Nbd2 Bb7 12.Bc2 Re8 13.a4 Bf8 14.b4 Nb6 15.Bb2 g6 16.a5 Nbd7
17.d5 c6 18.dxc6 Bxc6 19.c4 Bg7 20.Rc1 Nf8 21.Bb3 Ne6 22.cxb5 Bxb5 23.Nc4 Nxe4
24.Nb6 N4g5 25.Nxa8 Qxa8 26.Nxg5 Nxg5 27.Qxd6 Bf8 28.Qf6 Ne6 29.Rc7 {#r} 1-0

[Event "It \"]
[Site "masterchessopen.com Mehlingen (Germany)"]
[Date "2003.06.19"]
[Round "1"]
[White "Haertel Vanessa (GER)"]
[Black "Voropaev Gleb (GER)"]
[Result "0-1"]
[WhiteElo "1849"]
[BlackElo "2305"]

1.e4 e5 2.Nf3 Nc6 3.Bb5 a6 4.Ba4 Nf6 5.O-O Be7 6.Re1 b5 7.Bb3 d6 8.c3 O-O 9.h3
Nb8 10.d4 Nbd7 11.Nbd2 Bb7 12.Bc2 Re8 13.Nf1 Bf8 14.Ng3 g6 15.Nh2 Bg7 16.f4 c5
17.dxe5 dxe5 18.f5 c4 19.Be3 Qc7 20.Ng4 Nxg4 21.Qxg4 Rad8 22.Bg5 f6 23.Be3 Nf8
24.h4 Qf7 25.Bd1 Rd3 26.Qh3 Bc8 27.h5 Rxe3 28.Rxe3 Qe7 29.Nf1 Bh6 30.Kh1 Bxe3
31.Nxe3 Rd8 32.Qg3 Rd3 {#R} 0-1

[Event "Ch Provincial (1/2 final)"]
[Site "masterchessopen.com San Nicolas de Bari (Cuba)"]
[Date "2003.09.18"]
[Round "7"]
[White "Fonseca Rodriguez Yasser"]
[Black "Garcia Benitez Omar (CUB)"]
[Result "1-0"]
[WhiteElo "2032"]
[BlackElo "1955"]

1.e4 e5 2.Nf3 Nc6 3.Bb5 a6 4.Ba4 Nf6 5.O-O Be7 6.Re1 b5 7.Bb3 d6 8.c3 O-O 9.h3
Nb8 10.d4 Nbd7 11.Nbd2 Bb7 12.Bc2 Re8 13.Nf1 Bf8 14.Ng3 g6 15.a4 exd4 16.cxd4
c5 17.Bf4 Qb6 18.a5 Qd8 19.e5 dxe5 20.dxe5 Nd5 21.Bg5 Qc7 22.Be4 Nb4 23.Qd2
Nxe5 24.Bxb7 Nc4 25.Bxa8 Nxd2 26.Rxe8 Nxf3+ 27.Bxf3 {#r} 1-0

[Event "Ch Provinciale BG"]
[Site "masterchessopen.com Bergamo (Italy)"]
[Date "2003.11.08"]
[Round "6"]
[White "Salvi Gianpietro"]
[Black "Elsido Massimo (ITA)"]
[Result "1-0"]
[WhiteElo "1600"]
[BlackElo "1949"]

1.e4 e5 2.Nf3 Nc6 3.Bb5 a6 4.Ba4 Nf6 5.O-O b5 6.Bb3 Be7 7.Re1 O-O 8.c3 d6 9.h3
Nb8 10.d4 Nbd7 11.d5 Nc5 12.Bc2 Ne8 13.b4 Na4 14.Bxa4 bxa4 15.Qxa4 f5 16.Nbd2
fxe4 17.Rxe4 Nf6 18.Re1 Nxd5 19.Qc6 Be6 20.Nxe5 Nf6 21.Nef3 Bd5 22.Qa4 h6
23.c4 Bb7 24.Nd4 Qc8 25.Rxe7 Nh5 26.Qd7 Qxd7 27.Rxd7 Rae8 28.N2f3 Nf4 29.Bxf4
Rxf4 30.Rxc7 Bxf3 31.Nxf3 d5 32.cxd5 Rxb4 33.d6 Rbb8 34.d7 Red8 35.Rac1 Kf7
36.Ne5+ {#r} 1-0

[Event "Ch Sweden (team) 2003/04"]
[Site "masterchessopen.com Malme (Sweden)"]
[Date "2003.11.09"]
[Round "1"]
[White "Winsnes Rikard (SWE)"]
[Black "Ornstein Axel (SWE)"]
[Result "1-0"]
[WhiteElo "2394"]
[BlackElo "2426"]

1.e4 e5 2.Nf3 Nc6 3.Bb5 a6 4.Ba4 Nf6 5.O-O Be7 6.Re1 b5 7.Bb3 d6 8.c3 O-O 9.h3
Nb8 10.d4 Nbd7 11.Nbd2 Bb7 12.Bc2 Re8 13.Nf1 c5 14.d5 c4 15.Ng3 g6 16.Bh6 Bf8
17.Qd2 Bxh6 18.Qxh6 Qe7 19.a4 Qf8 20.Qe3 Nc5 21.Ra2 Rab8 22.Rea1 Nfd7 23.Qc1
Nb6 24.axb5 axb5 25.Ra5 Nxd5 26.exd5 Bxd5 27.Qd1 Bc6 28.Ra7 b4 29.Ng5 b3
30.Be4 Re7 31.Bxc6 {#r} 1-0

[Event "It (open)"]
[Site "masterchessopen.com Bosnjaci (Croatia)"]
[Round "6"]
[White "Muslija Idris (CRO)"]
[Black "Loncar Robert (CRO)"]
[Result "0-1"]
[WhiteElo "2204"]
[BlackElo "2385"]

1.e4 e5 2.Nf3 Nc6 3.Bb5 a6 4.Ba4 Nf6 5.O-O Be7 6.Re1 b5 7.Bb3 d6 8.c3 O-O 9.h3
Nb8 10.d4 Nbd7 11.Nbd2 Bb7 12.Bc2 c5 13.Nf1 Re8 14.Ng3 cxd4 15.cxd4 exd4
16.Nxd4 d5 17.e5 Bb4 18.Bg5 Nxe5 19.Re3 Ned7 20.Nh5 Rxe3 21.fxe3 Qb6 22.Nf5
Bf8 23.Nxf6+ Nxf6 24.Qf3 d4 25.Qg3 Ne4 26.Bxe4 Bxe4 27.Nxd4 Qg6 28.Rc1 Bd6
29.Qh4 h6 {#R} 0-1

[Event "Ch Commonwealth"]
[Site "masterchessopen.com Mumbai (India)"]
[Round "4"]
[White "Prathamesh Sunil Mokal (IND)"]
[Black "Short Nigel D (ENG)"]
[Result "0-1"]
[WhiteElo "2390"]
[BlackElo "2687"]

1.e4 e5 2.Nf3 Nc6 3.Bb5 a6 4.Ba4 Nf6 5.O-O Be7 6.Re1 b5 7.Bb3 d6 8.c3 O-O 9.h3
Nb8 10.d4 Nbd7 11.Nbd2 Bb7 12.a4 c5 13.d5 c4 14.Bc2 Nc5 15.Nf1 Nfd7 16.g4 Nb6
17.a5 Nba4 18.Ne3 Qxa5 19.Nxc4 bxc4 20.Bxa4 Nd3 21.Re2 Nxc1 22.Qxc1 Qc7 23.Nh2
g6 24.Bc2 Rab8 25.Nf1 Bc8 26.Ng3 Rb5 27.Ra2 Qd8 28.Ra4 Bg5 29.Qa1 Rc5 30.Qa2
Qc7 31.Nf1 a5 32.Ne3 Bd7 33.Ra3 h5 34.Bd1 hxg4 35.hxg4 Kg7 36.Re1 Rh8 37.Qb1
Qd8 38.Qc2 Rh3 {#R} 0-1

[Event "It \"]
[Site "masterchessopen.com St. Petersburg (Russia)"]
[Round "6"]
[White "Anisimov Pavel (RUS)"]
[Black "Novikov Mikhail V (RUS)"]
[Result "1-0"]
[WhiteElo "2470"]
[BlackElo "2370"]

1.e4 e5 2.Nf3 Nc6 3.Bb5 a6 4.Ba4 Nf6 5.O-O Be7 6.Re1 b5 7.Bb3 d6 8.c3 O-O 9.h3
Nb8 10.d4 Nbd7 11.Nbd2 Bb7 12.Bc2 Re8 13.Nf1 Bf8 14.Ng3 g6 15.a4 Bg7 16.d5 Qb8
17.b3 c6 18.c4 bxc4 19.bxc4 a5 20.Rb1 Qc7 21.Ba3 Bf8 22.Qd2 Ba6 23.Rec1 Reb8
24.Rxb8 Nxb8 25.Bb3 Nbd7 26.c5 Nxc5 27.Bxc5 dxc5 28.dxc6 Rb8 29.Qc3 Bh6 30.Rd1
Bf4 31.Bd5 c4 32.Bxc4 Bxg3 33.fxg3 Qb6+ 34.Kh2 Nxe4 35.Bxf7+ {#r} 1-0

[Event "It (cat.19)"]
[Site "masterchessopen.com Wijk aan Zee (Netherlands)"]
[Round "5"]
[White "Akopian Vladimir (ARM)"]
[Black "Sokolov Ivan (NED)"]
[Result "1-0"]
[WhiteElo "2692"]
[BlackElo "2663"]

1.e4 { 1 } 1...e5 2.Nf3 Nc6 3.Bb5 a6 4.Ba4 Nf6 5.O-O Be7 6.Re1 b5 7.Bb3 d6
8.c3 O-O 9.h3 Nb8 10.d4 Nbd7 11.Nbd2 Bb7 12.Bc2 c5 ( 12...Re8 13.Nf1 Bf8
14.Ng3 g6 15.Bg5 h6 16.Bd2 Bg7 17.Rc1 exd4 18.cxd4 c5 19.d5 Nb6 20.Ba5 Nfd7
21.b3 b4 22.Re2 Rb8 23.h4 h5 24.Ng5 Be5 25.Qd3 Qf6 26.Rf1 Qf4 27.Nh3 Qxh4
28.f4 Bd4+ 29.Kh2 Bc8 30.Bxb4 Nf6 31.Be1 Bg4 32.Nf5 { ...0-1, Thorhallsson
Gylfi 2330 - Sokolov Ivan 2625 , Akureyri 1994 It } ) 13.b3 { = } 13...cxd4 {
N } ( 13...Re8 14.d5 g6 ( 14...Nb6 15.a4 Qd7 16.a5 Nc8 17.b4 cxb4 18.cxb4 Bf8
19.Nf1 Nh5 20.Ng3 Nxg3 21.fxg3 Ne7 22.g4 Ng6 23.g3 Be7 24.Rf1 Rac8 25.Bb3 Rc7
26.Ra2 Rec8 27.Be3 Rc3 28.Bd2 R3c7 29.Qe2 h6 30.Raa1 Qd8 31.h4 Qd7 32.Nh2 Nf8
33.Rf2 { ...1/2-1/2, Zinchenko Yaroslav 2334 - Romanov Evgeny 2389 , Budva
2003 Ch Europe (juniors) (under 16) } ) 15.Nf1 Bf8 16.Bg5 Bg7 17.Qd2 Qe7 18.a4
Nb6 19.a5 Nbd7 20.g4 Kh8 { 1/2-1/2, Liberzon Vladimir M 2485 - Gligoric
Svetozar 2575 , Lone Pine 1975 } ) ( 13...Qb6 14.Bb2 a5 15.dxe5 dxe5 16.c4 Bd6
17.cxb5 Qxb5 18.Nc4 Bc7 19.Nfxe5 Nxe5 20.Nxe5 Rfe8 21.Bd3 Qb6 22.Nc4 Qc6
23.Bxf6 Qxf6 24.Qf3 Qd4 25.Rad1 Rad8 26.Bc2 Qf6 27.Qxf6 Rxd1 28.Qc3 { 1-0,
Kosmac Blaz 2149 - Cebasek Jaka 1650 , Tomo Zupan 1995 Tournament (juniors) }
) ( 13...g6 14.Nf1 Nh5 15.Ne3 exd4 16.cxd4 Bf6 17.Ng4 Bg7 18.Bg5 Qc7 19.Rc1
Rae8 20.Qd2 Nhf6 21.Nxf6+ Nxf6 22.e5 dxe5 23.dxe5 Nd7 24.Qd6 Qxd6 25.exd6
Rxe1+ 26.Rxe1 f6 27.Bh4 Rd8 28.Nd2 Ne5 29.Rxe5 { 1-0, Potrata Janko - Copar
Anton, Slovenia 1995 Ch Slovenia (corr.) } ) 14.cxd4 exd4 15.Nxd4 Re8 16.a4 (
{ Perhaps, } 16.Bb2 { is slightly more precise. Now Black obtains additional
opportunities of counterplay } ) 16...bxa4 { N } ( { Interesting is } 16...d5
{ !? , intending to simplify the position } 17.axb5 ( { after } 17.e5 Bc5
18.N2f3 Ne4 { Black obtains the supporting e4-square for his knight without
any sacrifices } ) ( { and after } 17.exd5 Bxd5 18.axb5 axb5 19.Rxa8 Qxa8 {
White cannot capture on b5 since his own g2-pawn is attacked } ) 17...Bc5 { !
} 18.Bb2 Qb6 { , and activity of Black's pieces helps him to restore the
material balance } ) 17.bxa4 Rc8 { ?! } ( 17...Qc7 { !? } 18.Bb2 d5 19.Rc1 Qf4
{ } ) ( { here } 17...d5 { is not so good due to } 18.e5 Bc5 19.N4b3 { ! Black
cannot capture on e5 and the knight's invasion to e4 simply loses a pawn } )
18.Nf5 Qc7 19.Bb3 Bf8 20.Bb2 { DA } 20...d5 { (!) } ( { Very dangerous for
Black is } 20...Nxe4 { ? due to } 21.Qg4 { ! } 21...g6 ( 21...Ndf6 22.Nh6+ Kh8
23.Bxf6 Nxf6 24.Rxe8 { ! } 24...Nxg4 25.Nxf7+ Kg8 { ? } 26.Nxd6+ Kh8 27.Nf7+
Kg8 { ?? } 28.Nd8+ Kh8 29.Rxf8# ) 22.Nxe4 Bxe4 23.Rxe4 Rxe4 24.Qxe4 gxf5
25.Qxf5 Ne5 { , and after the impressive } 26.Bxf7+ Qxf7 ( 26...Nxf7 { ? }
27.Qg4+ Ng5 28.Qxg5+ Bg7 29.Rc1 { !+?? } ) 27.Qxc8 { White wins } ) 21.Rc1 {
Capturing on d5 is more reliable for White . } 21...Qf4 22.Rxc8 Bxc8 23.g3 Qg5
{ } ( 23...Qb8 { !? } 24.exd5 Nc5 25.Rxe8 Nxe8 { } ) 24.h4 { } ( 24.Nf3 { !? }
24...Qh5 25.Bxd5 Nxd5 26.Qxd5 { } ) 24...Qg6 { DA } 25.h5 { ! } 25...Nxh5 {
(?!) } ( { Interesting is an immediate } 25...Qg5 { !? } 26.h6 { , and in the
sharp variation with } ( { after } 26.f4 Qxh5 27.Qxh5 Nxh5 28.Bxd5 g6 { Black
wins the g3-pawn in the endgame } ) 26...dxe4 27.hxg7 { ?! } ( { better for
White is } 27.Nxg7 Bxg7 28.hxg7 e3 29.Nf3 { , obtaining a complicated position
} ) 27...Bc5 { ! } 28.Ne3 Ne5 { Black overtakes the initiative } ) 26.Nh4 Qg5
{ ? } ( { ? } 26...Qh6 27.Nf5 Qg6 28.Nf3 Bc5 { } ) 27.Ndf3 Qe7 { ?! } (
27...Qg4 { !? } 28.Qxd5 Re7 29.Nf5 Re6 { } ) 28.exd5 Qd8 29.Rxe8 Qxe8 30.Ng5 {
DA } 30...Nxg3 { !? White attacks the black h5-knight threatening with d5-d6
at the same time.^13 ^10 } 31.d6 { ! } ( { Not } 31.fxg3 { ? } 31...Qe3+
32.Kg2 Qxg5 ) 31...Qe2 32.Bxf7+ Kh8 33.Qb1 { (!) White's attack develops by
itself . } 33...Ne4 34.Qxe4 Qd1+ 35.Kh2 Bxd6+ 36.f4 Qd2+ 37.Kg3 { ` +8.00
Sokolov resigned there. White could conclude the game with an effective final:
37...?f8 38.?xh7! ?xh7 39.?g6#. DA } 1-0

[Event "Ch Ukraine (juniors) (under 18)"]
[Site "masterchessopen.com Lvov (Ukraine)"]
[Date "2004.02.21"]
[Round "4"]
[White "Vovk Yuri (UKR)"]
[Black "Tarlev Konstantin (UKR)"]
[Result "1-0"]
[WhiteElo "2422"]
[BlackElo "2376"]

1.e4 e5 2.Nf3 Nc6 3.Bb5 a6 4.Ba4 Nf6 5.O-O Be7 6.Re1 b5 7.Bb3 d6 8.c3 O-O 9.h3
Nb8 10.d4 Nbd7 11.Nbd2 Bb7 12.Bc2 Re8 13.Nf1 Bf8 14.Ng3 g6 15.Bg5 h6 16.Bd2 c5
17.d5 c4 18.b4 cxb3 19.axb3 Qc7 20.c4 bxc4 21.Ba5 Qc8 22.Nd2 cxb3 23.Bxb3 Nc5
24.Bc2 Nfd7 25.Nc4 Be7 26.Ra3 Qb8 27.Bd2 Bg5 28.h4 Bxd2 29.Qxd2 Kg7 30.Ne3 Rh8
31.Rf1 Qd8 32.f4 exf4 33.Qd4+ Qf6 34.Nef5+ gxf5 35.Nh5+ {#r} 1-0

[Event "Bundesliga 2003/04"]
[Site "masterchessopen.com Germany"]
[Date "2004.03.07"]
[Round "10"]
[White "Berndt Stephan (GER)"]
[Black "Gabriel Christian (GER)"]
[Result "0-1"]
[WhiteElo "2438"]
[BlackElo "2556"]

{ Gabriel Christian (GER) +3 =12 -4 } 1.e4 { 1 } 1...e5 2.Nf3 Nc6 3.Bb5 a6
4.Ba4 Nf6 5.O-O Be7 6.Re1 b5 7.Bb3 d6 8.c3 O-O 9.h3 Nb8 10.d4 Nbd7 11.Nbd2 Bb7
12.a4 c5 13.Bc2 { ?/= } 13...cxd4 ( 13...Re8 14.d5 c4 15.Nf1 Nc5 16.Ng3 g6
17.Be3 Nfd7 18.Qd2 Qc7 19.Nh2 h5 20.Rf1 bxa4 21.Qe2 h4 22.Nh1 Nf6 23.Qf3 Bc8
24.Bxa4 Nxa4 25.Rxa4 Bd7 26.Ra2 Kg7 27.Rfa1 a5 28.Nf1 Nh7 29.Qe2 f5 30.f3 f4
31.Bd2 Nf6 32.Be1 Nh5 33.Nd2 { ...1/2-1/2, Lutz Christopher 2643 - Van Der
Sterren Paul 2551 , Germany 2001 Bundesliga 2000/01 } ) 14.cxd4 exd4 { N } (
14...bxa4 15.Rxa4 Bc6 16.Ra3 Bb5 17.Rae3 Qb6 18.Nb1 Rfc8 19.Nc3 Bf8 20.Nxb5
axb5 21.Ra3 Rxa3 22.bxa3 exd4 23.Nxd4 g6 24.Nf3 Ne5 { 1/2-1/2, Kalod Radek
2442 - Stevic Hrvoje 2530 , Leipzig 2002 Cup Mitropa } ) ( 14...Qc7 15.Bd3
exd4 ( 15...bxa4 { } ) 16.Nxd4 Nc5 17.Qc2 bxa4 18.Rxa4 Qd7 19.Ra1 Nxd3 20.Qxd3
d5 21.Nf5 Nxe4 22.Nxg7 Kxg7 23.Rxe4 Bf6 24.Nf3 Kh8 25.Rf4 Qe6 26.Be3 Rg8
27.Rxf6 Qxh3 28.g3 Rxg3+ 29.fxg3 Qxg3+ 30.Kf1 Rg8 31.Bd4 Qh3+ 32.Ke2 { 1-0,
Dambacher Martijn 2415 - Njirjak Josip 2314 , Szombathely 1993 Ch Europe
(juniors) (under 14) } ) 15.Nxd4 bxa4 { } 16.Rxa4 g6 17.Ra1 Rc8 18.Nf1 Re8
19.Bd2 Qb6 20.Ba5 Qa7 21.Ng3 d5 22.exd5 Bxd5 23.Bc3 Qb7 24.Bd3 Nc5 25.Bf1 Ra8
26.Rc1 { ? } ( { ? } 26.Ra5 Red8 27.Qe2 Re8 28.Ndf5 { } ) 26...Nce4 27.Nxe4
Nxe4 28.Qg4 h5 29.Qf4 { ? } ( { ? } 29.Qd1 Bh4 30.Re2 Nxc3 31.Rxe8+ { } ) {#R}
0-1

[Event "It (blitz)"]
[Site "masterchessopen.com Reykjavik (Iceland)"]
[Date "2004.03.17"]
[Round "12"]
[White "Stefansson Hannes (ISL)"]
[Black "Short Nigel D (ENG)"]
[Result "0-1"]
[WhiteElo "2549"]
[BlackElo "2687"]

1.e4 e5 2.Nf3 Nc6 3.Bb5 a6 4.Ba4 Nf6 5.O-O Be7 6.Re1 b5 7.Bb3 d6 8.c3 O-O 9.h3
Nb8 10.d4 Nbd7 11.Nbd2 Bb7 12.Bc2 Re8 13.a4 Bf8 14.Bd3 b4 15.a5 d5 16.dxe5
dxe4 17.exf6 exd3 18.Rxe8 Qxe8 19.fxg7 Bxg7 20.Nf1 bxc3 21.bxc3 Qe2 22.Bd2
Bxf3 23.gxf3 Ne5 24.Kg2 Nc4 25.Qc1 Rb8 26.Ra2 Qe6 27.Ra4 Rb5 28.Bf4 Rh5 29.Bh2
d2 30.Qb1 Qxh3+ 31.Kg1 Qxf3 {#R} 0-1

[Event "Ch Baden (open)"]
[Site "masterchessopen.com Eppingen (Germany)"]
[Date "2004.04.17"]
[Round "11"]
[White "Boguslavsky Oleg (GER)"]
[Black "Gyimesi Zoltan (HUN)"]
[Result "0-1"]
[WhiteElo "2374"]
[BlackElo "2613"]

1.e4 e5 2.Nf3 Nc6 3.Bb5 a6 4.Ba4 Nf6 5.O-O Be7 6.Re1 b5 7.Bb3 d6 8.c3 O-O 9.h3
Nb8 10.d4 Nbd7 11.Nbd2 Bb7 12.Bc2 c5 13.d5 g6 14.Nf1 Nh5 15.g3 Ng7 16.Bh6 Kh8
17.g4 Nf6 18.Ng3 Ng8 19.Be3 Bc8 20.Kh2 f5 21.gxf5 gxf5 22.exf5 Nxf5 23.Nxf5
Bxf5 24.Bxf5 Rxf5 25.Rg1 Qf8 26.Nd2 Nf6 27.Qc2 Nxd5 28.Rg2 Nf4 29.Rg3 d5
30.Rag1 Ng6 31.Kh1 Qf7 32.Nb3 Bh4 33.Nxc5 Bxg3 34.Rxg3 Rf3 35.Qe2 Rxg3 36.fxg3
Rf8 37.Nxa6 Qe6 {#R} 0-1

[Event "It (open) (b)"]
[Site "masterchessopen.com Ditzingen (Germany)"]
[Date "2004.05.20"]
[Round "3"]
[White "Stitterich Nadine (GER)"]
[Black "Sigmund Wolfgang"]
[Result "0-1"]
[WhiteElo "2008"]
[BlackElo "1458"]

1.e4 e5 2.Nf3 Nc6 3.Bb5 a6 4.Ba4 Nf6 5.O-O Be7 6.Re1 b5 7.Bb3 d6 8.h3 O-O 9.c3
Nb8 10.d4 Nbd7 11.Bg5 Bb7 12.Nbd2 Re8 13.Bc2 c5 14.Rc1 Rc8 15.d5 Nxd5 16.Bxe7
Nxe7 17.Ng5 Nf6 18.Bd3 c4 19.Bf1 d5 20.exd5 Nexd5 21.Be2 h6 22.Ngf3 Rc7 23.Nh2
Nf4 24.Ndf3 Rd7 25.Nd2 Rxd2 26.Bf3 Rxd1 27.Rcxd1 Qc7 28.Rd2 e4 29.Bg4 Nxg4
30.Nxg4 Qc6 31.Rd4 Nxg2 32.Kxg2 e3+ 33.Kf1 Qh1+ 34.Ke2 exf2+ 35.Kxf2 Qxe1# 0-1

[Event "It (open) \"]
[Site "masterchessopen.com Berlin (Germany)"]
[Date "2004.05.22"]
[Round "6"]
[White "Struk Jerzy (POL)"]
[Black "Maniocha Marek (GER)"]
[Result "1-0"]
[WhiteElo "2237"]
[BlackElo "2055"]

1.e4 e5 2.Nf3 Nc6 3.Bb5 a6 4.Ba4 Nf6 5.O-O Be7 6.Re1 b5 7.Bb3 d6 8.c3 O-O 9.h3
Nb8 10.d4 Nbd7 11.Nbd2 Bb7 12.Bc2 c6 13.Nf1 Qc7 14.Ng3 g6 15.Bh6 Rfe8 16.Qd2
a5 17.Nf5 Nf8 18.Nxe7+ Qxe7 19.dxe5 dxe5 20.Rad1 c5 21.a4 b4 22.Qd6 Qxd6
23.Rxd6 Ra6 24.Rxa6 Bxa6 25.Rd1 Bb7 26.Bb3 Bxe4 27.Rd6 bxc3 28.Rxf6 Ne6
29.Bxe6 Rxe6 30.Rxe6 fxe6 31.bxc3 Bc6 32.Nxe5 Bxa4 33.Nc4 Bc2 {#r} 1-0

[Event "It (open)"]
[Site "masterchessopen.com Sitges (Spain)"]
[Round "4"]
[White "Cuijpers Frans Andre (NED)"]
[Black "Beltran Rueda Santiago (ESP)"]
[Result "1-0"]
[WhiteElo "2497"]
[BlackElo "2397"]

1.e4 e5 2.Nf3 Nc6 3.Bb5 a6 4.Ba4 Nf6 5.O-O Be7 6.Re1 b5 7.Bb3 d6 8.c3 O-O 9.h3
Nb8 10.d4 Nbd7 11.Nbd2 Bb7 12.Bc2 Re8 13.Nf1 Bf8 14.Ng3 g6 15.Bd2 Bg7 16.Qc1
d5 17.Bg5 Qc8 18.Nxe5 Nxe5 19.dxe5 Nxe4 20.Bxe4 dxe4 21.Bf6 e3 22.Rxe3 Bh6
23.Qe1 Bxe3 24.Qxe3 Re6 25.Rd1 Qe8 26.Nf5 Qc6 27.f3 Rae8 28.Ne7+ R8xe7 29.Qh6
{#r} 1-0

[Event "It (cat.18)"]
[Site "masterchessopen.com Biel (Switzerland)"]
[Date "2004.07.27"]
[Round "8"]
[White "Morozevich Alexander (RUS)"]
[Black "Sasikiran Krishnan (IND)"]
[Result "1-0"]
[WhiteElo "2758"]
[BlackElo "2668"]

{ Morozevich Alexander (RUS) +0 =1 -0 } 1.e4 { 1 3 } 1...e5 2.Nf3 Nc6 3.Bb5 a6
4.Ba4 Nf6 5.O-O Be7 6.Re1 b5 7.Bb3 d6 8.c3 O-O 9.h3 { ?! } ( 9.d3 { !? }
9...Na5 10.Bc2 c5 11.Nbd2 { } ) 9...Nb8 { ?! } ( 9...Nd7 { !? } 10.d4 Bb7
11.Nbd2 Bf6 { } ) 10.d4 Nbd7 11.Nbd2 Bb7 12.Bc2 ( 12.a4 c5 13.Bc2 exd4 14.cxd4
cxd4 15.Nxd4 bxa4 16.Nf5 Nc5 17.Nc4 Bxe4 18.Bxe4 Ncxe4 19.Nxe7+ Qxe7 20.f3 d5
21.Nb6 Rab8 22.Nxa4 Rb4 23.fxe4 Rxe4 24.Bg5 Qa7+ 25.Kh1 Rxe1+ 26.Qxe1 Ne4
27.Be3 d4 28.Bg1 f5 29.Nc3 Nf6 30.Rd1 Rd8 31.Qe6+ Kh8 { ...1/2-1/2, Morozevich
Alexander 2678 - Grischuk Alexander 2712 , Dubai 2002 Cup World (active) } )
12...Re8 13.a4 { ?! } ( 13.b3 { !? } 13...d5 14.Nxe5 { } ) 13...Bf8 14.Bd3 c6
15.b3 ( 15.Nf1 d5 16.Bg5 dxe4 17.Rxe4 Be7 18.Re2 exd4 19.Nxd4 g6 20.axb5 cxb5
21.Bc2 Nd5 22.Qd2 Bxg5 23.Rxe8+ Qxe8 24.Qxg5 Qe5 25.Qxe5 Nxe5 26.Nd2 Rd8
27.Be4 b4 28.cxb4 { 1/2-1/2, Svidler Peter 2689 - Bacrot Etienne 2613 , New
Delhi 2000 Ch World FIDE (KO-system) } ) ( 15.Qc2 g6 16.b3 Rc8 17.Bb2 Bg7
18.Rad1 Qc7 19.b4 Nb6 20.a5 Na4 21.dxe5 dxe5 22.c4 Nxb2 23.Qxb2 Qe7 24.c5 Rcd8
25.Bc2 Bc8 26.Nf1 Nh5 27.Ng3 { 1/2-1/2, Almasi Zoltan 2645 - Gabriel Christian
2475 , Horgen 1995 It (cat.11) } ) 15...g6 16.Bb2 Qb6 { = } ( 16...Bg7 17.Qc2
Rb8 18.Bf1 Ba8 19.b4 Qc8 20.dxe5 dxe5 21.c4 bxa4 22.Rxa4 c5 23.b5 Bb7 {
1/2-1/2, Byrne Robert E 2550 - Karpov Anatoly 2725 , Bugojno 1978 It (cat.14)
} ) ( 16...Nh5 17.Qc2 Nf4 18.Bf1 Bg7 19.b4 Rc8 20.Nb3 Qc7 21.g3 Ne6 22.dxe5
Nxe5 23.Nxe5 Bxe5 24.Qd2 Rcd8 25.axb5 cxb5 26.Bg2 h5 27.f4 Bg7 28.h4 Nf8
29.Na5 Ba8 30.Rac1 Nd7 31.c4 Qb6+ 32.Kh2 Nf6 33.Bxf6 Bxf6 34.cxb5 axb5 35.Nb3
Rc8 36.Rxc8 { ...1/2-1/2, Thipsay Praveen M 2486 - Short Nigel D 2702 , Mumbai
2004 Ch Commonwealth } ) ( 16...Qc7 17.Qc2 Bg7 18.c4 bxa4 19.c5 axb3 20.Qxb3
d5 21.Rac1 dxe4 22.Ng5 exd3 23.Qxf7+ Kh8 24.dxe5 Nd5 25.Ne6 Rxe6 26.Qxe6 Nf4
27.Qe7 Qd8 28.Qd6 Qg5 29.g3 Ne2+ 30.Rxe2 dxe2 31.Nf3 Qf5 32.Nd4 Qxe5 33.Qxd7
e1=Q+ 34.Rxe1 Qxe1+ 35.Kg2 Qe4+ 36.Kh2 { ...0-1, Luther Thomas 2550 - Zude
Arno 2405 , Binz 1995 Ch Germany } ) 17.c4 { N } ( 17.Qc2 Nh5 18.Bf1 exd4
19.cxd4 d5 20.e5 Nf4 21.Nh2 Ne6 22.Ndf3 c5 23.axb5 axb5 24.dxc5 Bxc5 25.Qd2
Rxa1 26.Rxa1 Ra8 27.Rxa8+ Bxa8 28.b4 Be7 29.Ng4 Bb7 30.Nd4 Bg5 31.Qd1 h5
32.Nh2 Nxe5 33.Nxe6 Qxe6 34.Bxe5 { 1/2-1/2, Ehlvest Jaan 2620 - Krivonosov
Oleg 2445 , Tallinn 1998 Memorial P.Keres (active) } ) ( 17.Rb1 Qc7 18.Qc2 Bg7
19.b4 d5 20.Nxe5 Nxe5 21.dxe5 Nxe4 22.Bxe4 dxe4 23.Nxe4 Bxe5 24.c4 bxa4
25.Qxa4 f5 26.Bxe5 Rxe5 27.Nf6+ Kf7 28.Nxh7 Kg8 29.Nf6+ Kf7 30.Nh7 Kg8 31.Nf6+
Kf7 32.Qa1 Rxe1+ 33.Rxe1 Rd8 34.Nh7 Kg8 35.Qf6 { 1-0, Ivkov Borislav 2460 -
Sanz Alonso Francisco J 2420 , Sevilla 1989 It (open) } ) 17...Nh5 18.b4 Bg7
19.c5 { ?! } ( 19.a5 { !? } 19...Qa7 20.d5 Nf4 21.Bf1 { } ) 19...Qc7 20.cxd6
Qxd6 21.dxe5 Qxb4 22.Ba3 Qc3 23.Bd6 Nxe5 24.Ra3 Qb2 25.Rb3 Qa2 { ? } (
25...Nxf3+ { ! } 26.Nxf3 Qa2 27.Ra3 Qe6 { } ) 26.Nxe5 { ?! } ( 26.Bxe5 { !? }
26...Rxe5 27.Nxe5 Bxe5 28.Nf3 { } ) 26...Bxe5 27.Bxe5 Rxe5 28.Nc4 Re7 { ?? } (
28...bxc4 { ! } 29.Bxc4 Qxa4 30.Bxf7+ Kh8 { } ) 29.Ra3 bxc4 30.Rxa2 Rd8 31.Rd2
Red7 32.Qf3 Rxd3 33.Rxd3 Rxd3 34.Re3 Rd7 35.Qe2 { } {#r} 1-0

[Event "It (open)"]
[Site "masterchessopen.com Rostock (Germany)"]
[Date "2004.08.27"]
[Round "4"]
[White "Boehm Matthias (AUT)"]
[Black "Eichstaedt Enrico (GER)"]
[Result "1-0"]
[WhiteElo "1704"]
[BlackElo "1942"]

1.e4 e5 2.Nf3 Nc6 3.Bb5 a6 4.Ba4 Nf6 5.O-O b5 6.Bb3 Be7 7.Re1 O-O 8.c3 d6 9.h3
Nb8 10.d4 Nbd7 11.Nbd2 Bb7 12.Bc2 Re8 13.Nf1 Bf8 14.Ng3 g6 15.Nh2 Bg7 16.f4
exf4 17.Bxf4 h6 18.Nf3 Nh7 19.Qd2 g5 20.Be3 Re6 21.Re2 Rg6 22.Nh2 Re6 23.Rae1
Ndf6 24.Bf2 Qd7 25.Nf5 Rae8 26.d5 Re5 27.Bd4 Rxf5 28.exf5 Rxe2 29.Rxe2 Bxd5
30.a3 Bf8 31.Nf1 c5 32.Bf2 Qb7 33.Bg3 Nh5 34.Bh2 N7f6 35.Ne3 Nf4 36.Bxf4 gxf4
37.Nxd5 Nxd5 38.Be4 {#r} 1-0

[Event "Ch ASEAN (juniors) (under 10)"]
[Site "masterchessopen.com Vietnam"]
[Round "1"]
[White "Pham Hoai Nam (VIE)"]
[Black "Huynh Lam Binh Nguyen (VIE)"]
[Result "1-0"]
[WhiteElo "2106"]
[BlackElo "2021"]

1.e4 e5 2.Nf3 Nc6 3.Bb5 a6 4.Ba4 Nf6 5.O-O Be7 6.Re1 b5 7.Bb3 d6 8.c3 O-O 9.h3
Nb8 10.d4 Nbd7 11.Nbd2 c5 12.Nf1 Qc7 13.Ng3 Nb6 14.d5 c4 15.Bc2 Bd7 16.Be3
Rfc8 17.Qd2 a5 18.Rad1 Rab8 19.Nxe5 dxe5 20.d6 Bxd6 21.Qxd6 Be6 22.Qxc7 Rxc7
23.Bxb6 Rd7 24.Bxa5 g6 25.Bb4 Rbd8 26.Be7 Rxd1 27.Bxd1 {#r} 1-0

[Event "It (open)"]
[Site "masterchessopen.com Tatranske Zruby (Slovakia)"]
[Date "2004.09.27"]
[Round "4"]
[White "Hagarova Zuzana (SVK)"]
[Black "Lukac Roman (SVK)"]
[Result "1-0"]
[WhiteElo "2351"]
[BlackElo "2133"]

1.e4 e5 2.Nf3 Nc6 3.Bb5 a6 4.Ba4 Nf6 5.O-O b5 6.Bb3 Be7 7.Re1 d6 8.c3 O-O 9.h3
Nb8 10.d4 Nbd7 11.Nbd2 Bb7 12.Bc2 Re8 13.Nf1 Bf8 14.Ng3 g6 15.a4 c5 16.d5 c4
17.Bg5 h6 18.Be3 Nc5 19.Qd2 Kh7 20.Nh2 Bg7 21.Rf1 Ng8 22.f4 exf4 23.Rxf4 Qc7
24.Raf1 Re7 25.Rh4 Bc8 26.Nf3 Bf6 27.Ng5+ Kh8 28.Rxf6 Nxf6 29.Bd4 Re5 30.Ne6
fxe6 31.Qxh6+ {#r} 1-0